আমলাতন্ত্রের অন্দরমহল বত্রিশ বছর / (Record no. 12331)
[ view plain ]
| 000 -LEADER | |
|---|---|
| fixed length control field | 00939nam a2200253 a 4500 |
| 001 - CONTROL NUMBER | |
| JCCL Control Number | 12331 |
| 003 - CONTROL NUMBER IDENTIFIER | |
| JCCL marc code | BD-JhCC |
| 005 - DATE AND TIME OF LATEST TRANSACTION | |
| control field | 20211027095328.0 |
| 008 - FIXED-LENGTH DATA ELEMENTS--GENERAL INFORMATION | |
| fixed length control field | 210608s2018 bg |||| |||| 000 0 ben d |
| 020 ## - INTERNATIONAL STANDARD BOOK NUMBER | |
| International Standard Book Number | 9789842005824 |
| 035 ## - SYSTEM CONTROL NUMBER | |
| system control number | (BD-JhCC)12331 |
| 040 ## - CATALOGING SOURCE | |
| Original cataloging agency | BD-JhCC |
| Modifying agency | BD-JhCC |
| 041 ## - LANGUAGE CODE | |
| Language code of Book | Bengla |
| 082 ## - DEWEY DECIMAL CLASSIFICATION NUMBER | |
| Classification number | 354.549201 |
| Author mark and Year | SHA 2018 |
| 100 ## - MAIN ENTRY--PERSONAL NAME | |
| Personal name | সাথী, সিরাজ উদ্দিন |
| 245 ## - TITLE STATEMENT | |
| Title | আমলাতন্ত্রের অন্দরমহল বত্রিশ বছর / |
| Statement of responsibility, etc | সিরাজ উদ্দিন সাথী |
| 260 ## - PUBLICATION, DISTRIBUTION, ETC. (IMPRINT) | |
| Place of publication, distribution, etc | ঢাকা : |
| Name of publisher, distributor, etc | অ্যাডর্ন পাবলিকেশন্স, |
| Date of publication, distribution, etc | ২০১৮। |
| 300 ## - PHYSICAL DESCRIPTION | |
| Pagination | ৫১২ পৃ. : |
| Dimensions | ২১ সেমি. |
| 504 ## - BIBLIOGRAPHY, ETC. NOTE | |
| Bibliography, etc | নির্ঘন্ট অর্ন্তভূক্ত। |
| 650 ## - SUBJECT ADDED ENTRY--TOPICAL TERM | |
| Topical term or geographic name as entry element | Bureaucracy |
| 650 ## - SUBJECT ADDED ENTRY--TOPICAL TERM | |
| Topical term or geographic name as entry element | Politics and government |
| Geographic subdivision | Bangladesh |
| 650 ## - SUBJECT ADDED ENTRY--TOPICAL TERM | |
| Topical term or geographic name as entry element | Public administration |
| 942 ## - ADDED ENTRY ELEMENTS (KOHA) | |
| Source of classification or shelving scheme | Dewey Decimal Classification |
| Koha item type | Books |
| Source of classification or shelving scheme | Damaged status | Not for loan | Home library | Current library | Shelving location | Date of accession | Cost, normal purchase price | Total Checkouts | Full call number | Barcode | Date last seen | Copy number | Koha item type |
|---|---|---|---|---|---|---|---|---|---|---|---|---|---|
| Dewey Decimal Classification | JCC Rouf Library | JCC Rouf Library | General Stacks | 06/08/2021 | 723.00 | 354.549201 SHA 2018 | 16835 | 10/27/2021 | C-1 | Books |